000 00288nam a22001337a 4500
008 170608b xxu||||| |||| 00| 0 eng d
020 _a9780252067631
041 _aeng
080 _a32
100 _a18
101 _aSHP
245 _aPOLITICS PEOPLE
_cMATEHWS.D
942 _2udc
_cBK
999 _c16536
_d16536